|
|
|
|
| LEADER |
00744cam a2200265ua 4500 |
| 008 |
130708t2003||||||||||| 00 ||eng c |
| 020 |
|
|
|a 9788131-208182
|
| 041 |
0 |
|
|a eng
|
| 082 |
|
|
|a 070.194
|b CHA/B
|
| 100 |
|
|
|a Chantler,, Paul
|
| 245 |
1 |
0 |
|a Basic Radio Journalism /
|
| 250 |
|
|
|a 1
|
| 260 |
|
|
|a Oxford:
|b Focal Press,
|c 2003.
|
| 300 |
|
|
|a 267.
|
| 362 |
1 |
|
|a 2003.
|
| 650 |
|
|
|a Radio journalism
|
| 650 |
0 |
|
|a Radio broadcasting
|
| 650 |
0 |
|
|a Radio journalist
|
| 650 |
0 |
|
|a Radio news
|
| 650 |
0 |
|
|a News reading
|
| 650 |
0 |
|
|a Radio reporting
|
| 700 |
0 |
2 |
|a Stewart,, Peter
|
| 942 |
|
|
|c BK
|
| 999 |
|
|
|c 29242
|d 29242
|
| 952 |
|
|
|0 0
|1 0
|4 0
|6 070_194000000000000_CHA
|7 0
|9 31045
|a KUCL
|b KUCL
|d 2014-05-23
|l 0
|o 070.194 CHA/
|p 30675
|r 2014-05-23
|w 2014-05-23
|y BK
|